[Event "Klatovy op-B 29th"]
[Site "Klatovy"]
[Date "2023.07.02"]
[Round "2"]
[White "Mejzr, Jan"]
[Black "Kubicek, Daniel1111"]
[Result "1-0"]
[WhiteElo "1842"]
[BlackElo "1475"]
[PlyCount "32"]
[EventDate "2023.07.01"]
[EventType "swiss"]
[EventRounds "9"]
[EventCountry "CZE"]
[SourceTitle "CBM 215 Extra"]
[Source "ChessBase"]
[SourceDate "2023.09.30"]
[SourceVersion "1"]
[SourceVersionDate "2023.09.30"]
[SourceQuality "1"]

1. e4 e5 2. Nf3 Nc6 3. d4 exd4 4. Bc4 Bc5 5. c3 Qe7 6. 0-0 dxc3 7. Nxc3 d6 8. Nd5 Qd8 9. b4 Bxb4 10. Nxb4 Nxb4 11. Qb3 Nc6 12. Bxf7+ Kf8 13. Bxg8 Qf6 14. Bg5 Qg6 15. Nh4 Qh5 16. Qd5 Ne5 1-0

[Event "Klatovy op-B 24th"]
[Site "Klatovy"]
[Date "2018.07.06"]
[Round "7"]
[White "Kirs, Pavel"]
[Black "Mejzr, Jan"]
[Result "0-1"]
[WhiteElo "1579"]
[BlackElo "1897"]
[PlyCount "74"]
[EventDate "2018.06.30"]
[EventType "swiss"]
[EventRounds "9"]
[EventCountry "CZE"]
[SourceTitle "EXT 2019"]
[Source "ChessBase"]
[SourceDate "2018.10.10"]
[SourceVersion "1"]
[SourceVersionDate "2018.10.10"]
[SourceQuality "1"]

1. e4 c5 2. Nf3 e6 3. d4 cxd4 4. Nxd4 a6 5. a3 Qc7 6. Nc3 b5 7. Be2 Bb7 8. f3 Nc6 9. Nxc6 Bxc6 10. Qd3 Bd6 11. g3 Ne7 12. Be3 Ng6 13. Rd1 Be7 14. f4 h5 15. 0-0 Qb7 16. b4 d6 17. Bd2 h4 18. g4 Rd8 19. h3 Bf6 20. Bf3 Rc8 21. Ne2 Be7 22. Nd4 Bd7 23. e5 Qc7 24. exd6 Bxd6 25. Be4 Nxf4 26. Bxf4 Bxf4 27. Qf3 g5 28. Ne2 e5 29. Qd3 Qb6+ 30. Kg2 Bc6 31. Nc3 Bxe4+ 32. Nxe4 Qc6 33. Qd7+ Qxd7 34. Nf6+ Ke7 35. Nxd7 Rxc2+ 36. Rf2 Rxf2+ 37. Kxf2 Rd8 0-1

[Event "Klatovy op-B 24th"]
[Site "Klatovy"]
[Date "2018.06.30"]
[Round "1"]
[White "Ruzickova, Helena"]
[Black "Mejzr, Jan"]
[Result "0-1"]
[WhiteElo "1422"]
[BlackElo "1897"]
[PlyCount "84"]
[EventDate "2018.06.30"]
[EventType "swiss"]
[EventRounds "9"]
[EventCountry "CZE"]
[SourceTitle "CBM 185 Extra"]
[Source "ChessBase"]
[SourceDate "2018.07.29"]
[SourceVersion "1"]
[SourceVersionDate "2018.07.29"]
[SourceQuality "1"]

1. e4 d5 2. exd5 Nf6 3. Bc4 Bg4 4. f3 Bf5 5. Ne2 Nxd5 6. d3 Nb6 7. Bb3 e5 8. Be3 Bd6 9. 0-0 0-0 10. Ng3 Bg6 11. Ne4 Be7 12. Nbd2 Nd5 13. Qe2 Nxe3 14. Qxe3 Kh8 15. Nc4 Nd7 16. Kh1 f5 17. Nf2 f4 18. Qe2 Rf5 19. Rad1 Rh5 20. Ng4 Bf6 21. c3 Qf8 22. Bc2 Re8 23. Nd2 Bd8 24. Ne4 Bf5 25. d4 exd4 26. Rxd4 c5 27. Rdd1 Nf6 28. Ngxf6 gxf6 29. Qd2 Qh6 30. g3 Bxe4 31. Bxe4 fxg3 32. Qxh6 Rxh6 33. Rd2 Bc7 34. Bxb7 gxh2 35. Rg2 f5 36. Bd5 Rg6 37. c4 Bf4 38. Rc2 Re7 39. a3 Reg7 40. Rxh2 Bxh2 41. f4 Bxf4 42. Rxf4 Rh6+ 0-1

[Event "Klatovy op-B 23rd"]
[Site "Klatovy"]
[Date "2017.07.06"]
[Round "6"]
[White "Krupansky, Jaromir"]
[Black "Mejzr, Jan"]
[Result "0-1"]
[WhiteElo "1764"]
[BlackElo "1901"]
[PlyCount "58"]
[EventDate "2017.07.01"]
[EventType "swiss"]
[EventRounds "9"]
[EventCountry "CZE"]
[SourceTitle "EXT 2018"]
[Source "ChessBase"]
[SourceDate "2017.10.13"]
[SourceVersion "1"]
[SourceVersionDate "2017.10.13"]
[SourceQuality "1"]

1. e4 c5 2. Nc3 Nc6 3. f4 g6 4. Nf3 Bg7 5. Bc4 d6 6. 0-0 e6 7. Qe1 Nd4 8. Nxd4 cxd4 9. Ne2 Qb6 10. d3 Nf6 11. f5 0-0 12. fxe6 Bxe6 13. Bxe6 fxe6 14. Nf4 Rae8 15. h3 e5 16. Ne2 Rc8 17. Qd2 Qc5 18. b4 Qxc2 19. Rd1 Qxd2 20. Rxd2 d5 21. Ng3 dxe4 22. dxe4 Rc3 23. Kh2 Rxg3 24. Kxg3 Nxe4+ 25. Kh2 Nxd2 26. Bxd2 e4 27. Rd1 e3 28. Bc1 Be5+ 29. Kg1 Bg3 0-1

[Event "Klatovy op-B 23rd"]
[Site "Klatovy"]
[Date "2017.07.02"]
[Round "2"]
[White "Pravda, Krystof"]
[Black "Mejzr, Jan"]
[Result "1-0"]
[WhiteElo "1636"]
[BlackElo "1901"]
[PlyCount "83"]
[EventDate "2017.07.01"]
[EventType "swiss"]
[EventRounds "9"]
[EventCountry "CZE"]
[SourceTitle "EXT 2018"]
[Source "ChessBase"]
[SourceDate "2017.10.13"]
[SourceVersion "1"]
[SourceVersionDate "2017.10.13"]
[SourceQuality "1"]

1. e4 c5 2. Bc4 e6 3. Qe2 Nc6 4. c3 d6 5. f4 Nf6 6. Nf3 d5 7. exd5 Nxd5 8. 0-0 Be7 9. Ne5 0-0 10. Bb5 Qc7 11. Bxc6 bxc6 12. c4 Nb6 13. b3 Bd6 14. Qe4 f6 15. Nd3 Re8 16. Ba3 Nd7 17. Nc3 Bb7 18. Qe3 e5 19. f5 e4 20. Nxe4 Bxh2+ 21. Kh1 Ne5 22. g3 Nxd3 23. Qxd3 Rad8 24. Qf3 Rxe4 25. Qxe4 Bxg3 26. Bxc5 Be5 27. Rad1 Qf7 28. Qg4 Bd4 29. Bxd4 Rxd4 30. Qh3 c5+ 31. Kg1 Qd7 32. Rf2 Qc6 33. Re1 Rg4+ 34. Kf1 Rg5 35. Re6 Qd7 36. Qe3 Kf7 37. Ke2 Qc7 38. Kd1 Bc8 39. Re4 Bxf5 40. Ref4 Qd7 41. R4f3 Kg8 42. Rxf5 1-0

[Event "Prague Holiday K11"]
[Site "Prague"]
[Date "2016.07.17"]
[Round "3"]
[White "Mejzr, Jan"]
[Black "Sittinger, Lutz"]
[Result "1/2-1/2"]
[WhiteElo "1853"]
[BlackElo "1877"]
[PlyCount "59"]
[EventDate "2016.07.17"]
[EventType "tourn"]
[EventRounds "9"]
[EventCountry "CZE"]
[SourceTitle "EXT 2023"]
[Source "ChessBase"]
[SourceDate "2022.10.05"]
[SourceVersion "1"]
[SourceVersionDate "2022.10.05"]
[SourceQuality "1"]

1. e4 e5 2. Nf3 Nc6 3. d4 exd4 4. Nxd4 Bc5 5. Be3 Qf6 6. c3 Nge7 7. g3 Bb6 8. Bg2 d6 9. f4 0-0 10. 0-0 Bd7 11. Na3 a6 12. Nac2 g6 13. Qd2 Nxd4 14. cxd4 Bb5 15. Rf2 c5 16. a4 cxd4 17. Nxd4 Bd7 18. f5 Rfe8 19. fxg6 Qxg6 20. Nc2 Bxe3 21. Nxe3 Bc6 22. Raf1 Rf8 23. Rf4 Qg7 24. Qxd6 Ng6 25. Rf6 Rad8 26. Qb4 Qh6 27. Nf5 Qd2 28. Qxd2 Rxd2 29. Nh6+ Kg7 30. Rxf7+ 1/2-1/2

[Event "Klatovy op-B 22nd"]
[Site "Klatovy"]
[Date "2016.07.07"]
[Round "6"]
[White "Mejzr, Jan"]
[Black "Leseticky, Vladimir"]
[Result "1/2-1/2"]
[WhiteElo "1853"]
[BlackElo "1665"]
[PlyCount "104"]
[EventDate "2016.07.02"]
[EventType "swiss"]
[EventRounds "9"]
[EventCountry "CZE"]
[SourceTitle "EXT 2019"]
[Source "ChessBase"]
[SourceDate "2018.10.10"]
[SourceVersion "1"]
[SourceVersionDate "2018.10.10"]
[SourceQuality "1"]

1. e4 e5 2. Nf3 Nc6 3. d4 exd4 4. Nxd4 Nxd4 5. Qxd4 Qf6 6. e5 Qb6 7. Be3 Qxd4 8. Bxd4 Ne7 9. a3 Nf5 10. Bc3 d5 11. exd6 Nxd6 12. Bd3 Bf5 13. Bxf5 Nxf5 14. Nd2 0-0-0 15. 0-0-0 f6 16. Ne4 Be7 17. Rde1 Rhe8 18. h4 Nd6 19. Nc5 Nb5 20. Ne6 Nxc3 21. Nxd8 Kxd8 22. bxc3 Bxa3+ 23. Kd2 Rxe1 24. Rxe1 Bc5 25. Re2 a5 26. c4 b6 27. h5 h6 28. Kc3 a4 29. Kb2 a3+ 30. Kb3 Kd7 31. c3 Kd8 32. f3 Kd7 33. g4 Kd8 34. Rd2+ Ke7 35. Rd5 Bd6 36. Rf5 Ke6 37. Rd5 Ke7 38. Rd4 Ke8 39. Rxd6 cxd6 40. Kxa3 Kd7 41. Kb4 Kc6 42. f4 d5 43. cxd5+ Kxd5 44. Kb5 Ke4 45. Kxb6 Kd3 46. Kc5 Kxc3 47. Kd5 Kd3 48. Ke6 Ke4 49. f5 Kf4 50. Kf7 Kxg4 51. Kg6 Kh4 52. Kf7 Kg4 1/2-1/2

[Event "Liberec op 15th"]
[Site "Liberec"]
[Date "2015.02.15"]
[Round "2"]
[White "Cakl, Zdenek"]
[Black "Mejzr, Jan"]
[Result "1-0"]
[WhiteElo "2060"]
[BlackElo "1861"]
[PlyCount "59"]
[EventDate "2015.02.14"]
[EventType "swiss"]
[EventRounds "9"]
[EventCountry "CZE"]
[SourceTitle "CBM 164 Extra"]
[Source "ChessBase"]
[SourceDate "2015.03.02"]
[SourceVersion "1"]
[SourceVersionDate "2015.03.02"]
[SourceQuality "1"]

1. Nf3 g6 2. e4 d6 3. d4 Bg7 4. Nc3 Nf6 5. Bc4 0-0 6. 0-0 Nfd7 7. Bg5 Nb6 8. Bb3 a5 9. Na4 Nxa4 10. Bxa4 Bg4 11. c3 Nd7 12. h3 Bxf3 13. Qxf3 Nb6 14. Bc2 Qd7 15. Rad1 f6 16. Be3 Kh8 17. Qe2 Qe8 18. f4 d5 19. Bc1 e6 20. b3 Qc6 21. Bb2 f5 22. e5 a4 23. Bd3 Qd7 24. c4 dxc4 25. bxc4 a3 26. Ba1 Ra4 27. c5 Qd5 28. cxb6 cxb6 29. Rc1 Rd8 30. Bc4 1-0

[Event "Ostrava Konik op"]
[Site "Ostrava"]
[Date "2014.05.04"]
[Round "9"]
[White "Mejzr, Jan"]
[Black "Nguyen, Thai Dai Vinh"]
[Result "1-0"]
[WhiteElo "1798"]
[BlackElo "1451"]
[PlyCount "71"]
[EventDate "2014.04.26"]
[EventType "swiss"]
[EventRounds "9"]
[EventCountry "CZE"]
[SourceTitle "CBM 160 Extra"]
[Source "ChessBase"]
[SourceDate "2014.07.01"]
[SourceVersion "1"]
[SourceVersionDate "2014.07.01"]
[SourceQuality "1"]

1. d4 d5 2. Nf3 Nf6 3. e3 e6 4. c4 c6 5. Qc2 Bd6 6. Bd3 0-0 7. 0-0 Nbd7 8. Nbd2 e5 9. dxe5 Nxe5 10. Nxe5 Bxe5 11. Bf5 Qc7 12. h3 Bh2+ 13. Kh1 Bd6 14. b3 Be5 15. Rb1 Re8 16. Bxc8 Raxc8 17. Qf5 Rcd8 18. Nf3 Qd7 19. Qxd7 Rxd7 20. Nxe5 Rxe5 21. Bb2 Re6 22. Rbd1 Red6 23. Ba3 Re6 24. Rd3 dxc4 25. Rxd7 Nxd7 26. Rd1 Nf6 27. bxc4 h6 28. Kg1 Ne4 29. Rd8+ Kh7 30. Rd7 Rf6 31. f3 Nc3 32. Bb2 Ne2+ 33. Kf2 Re6 34. Kxe2 f5 35. Rxg7+ Kh8 36. Re7+ 1-0

[Event "Liberec op 14th"]
[Site "Liberec"]
[Date "2013.10.31"]
[Round "7"]
[White "Pribylova, Sofie"]
[Black "Mejzr, Jan"]
[Result "1/2-1/2"]
[WhiteElo "1487"]
[BlackElo "1843"]
[PlyCount "82"]
[EventDate "2013.10.26"]
[EventType "swiss"]
[EventRounds "9"]
[EventCountry "CZE"]
[SourceTitle "EXT 2014"]
[Source "ChessBase"]
[SourceDate "2013.11.20"]
[SourceVersion "1"]
[SourceVersionDate "2013.11.20"]
[SourceQuality "1"]

1. d4 Nf6 2. c4 g6 3. Nc3 d5 4. cxd5 Nxd5 5. e4 Nxc3 6. bxc3 Bg7 7. Bc4 c5 8. Ne2 0-0 9. 0-0 Qc7 10. Qc2 cxd4 11. cxd4 Be6 12. Bb3 Qxc2 13. Bxc2 Bc4 14. Re1 Bxe2 15. Rxe2 Bxd4 16. Rb1 Bb6 17. Ba3 Na6 18. Bxe7 Rfe8 19. Ba3 Rac8 20. Ba4 Re5 21. Rd1 Bc5 22. Bb2 Re7 23. g3 Nb8 24. Bf6 Re6 25. Rd8+ Rxd8 26. Bxd8 Nc6 27. Bxc6 Rxc6 28. Kg2 Kf8 29. e5 Be7 30. Bxe7+ Kxe7 31. f4 h5 32. Rd2 b5 33. Kf3 Ke6 34. Rd8 Rc2 35. Rd6+ Ke7 36. Ra6 Rxh2 37. Rxa7+ Ke6 38. Ra6+ Ke7 39. a3 Rb2 40. Ra7+ Ke6 41. Ra6+ Ke7 1/2-1/2

[Event "Ricany op"]
[Site "Ricany"]
[Date "2010.08.25"]
[Round "6"]
[White "Postupa, Pavel1111"]
[Black "Mejzr, Jan"]
[Result "1/2-1/2"]
[WhiteElo "2149"]
[BlackElo "1863"]
[PlyCount "101"]
[EventDate "2010.08.21"]
[EventType "swiss"]
[EventRounds "9"]
[EventCountry "CZE"]
[SourceTitle "EXT 2022"]
[Source "ChessBase"]
[SourceDate "2021.10.06"]
[SourceVersion "1"]
[SourceVersionDate "2021.10.06"]
[SourceQuality "1"]

1. e4 c5 2. Nf3 e6 3. d4 cxd4 4. Nxd4 a6 5. Bd3 Bc5 6. Nb3 Ba7 7. c4 Nc6 8. 0-0 d6 9. Nc3 Nge7 10. Qe2 Ne5 11. Be3 Bxe3 12. Qxe3 Nxd3 13. Qxd3 Nc6 14. Qg3 0-0 15. Rfd1 b6 16. Rxd6 Qc7 17. Rad1 Ne7 18. Qd3 Nc6 19. Qg3 e5 20. R6d2 Be6 21. Nd5 Qa7 22. Qe3 b5 23. cxb5 Qxe3 24. fxe3 axb5 25. a3 b4 26. Rc1 bxa3 27. bxa3 Rxa3 28. Nc5 Na5 29. Rcd1 Nc4 30. Rd3 Ra5 31. Nb3 Ra3 32. Rc3 Nb2 33. Rd2 Na4 34. Rcd3 h6 35. Na5 Ra1+ 36. Rd1 Rxd1+ 37. Rxd1 Nc5 38. Nc6 Nxe4 39. Nxe5 Bxd5 40. Rxd5 Re8 41. Nf3 Nc3 42. Rd3 Ne4 43. h3 Rc8 44. Rd4 Re8 45. Rd3 Rc8 46. Kh2 Re8 47. Ra3 Nf2 48. Nd2 Nd1 49. Nf1 g6 50. Kg3 Re5 51. Rd3 1/2-1/2